000 01197nam a2200313 a 4500
001 000109497
003 CHAP
005 20220329144052.0
008 140507s2013 mx sm |||||||spa d
010 _a105959
011 _a106931
040 _cCHAP
090 _aTesis
100 1 _aGómez Ruiz, Rocío Guadalupe
_9126736
245 1 0 _aFloreciendo gota a gota : instituciones en la gestión del agua de manantiales para la producción de flores en la comunidad de Patosil en Zinacantan , Chiapas
_h[En línea]
_cpor Rocío Guadalupe Gómez Ruiz.
260 _aChiapas :
_bEl autor,
_c2013.
500 _aPara ver el contenido del material haga clic en la liga
502 _aTesis (MC. en Desarrollo Rural Regional) -- UACH. Departamento Dirección de Centros Regionales
590 _aBATCH-UPD
_b05
_c20141002
_lUCH01
_h0902
590 _aE5765TAJ
_b05
_c20140507
_lUCH01
_h0838
590 _aE5765TAJ
_b05
_c20140507
_lUCH01
_h0839
650 1 4 _aAgua
_xAprovechamiento
_xChiapas.
_92287
650 1 4 _aInvernaderos.
_960172
650 1 4 _aManantiales.
_970273
856 _aFinding aid
_uhttp://10.13.5.2/tesis/sist109497.pdf
_zTeclea aquí
901 _aBK
942 _cTESIS
942 _n0
999 _c105959
_d105959